Normal view
MARC view
- Vehicles, Remotely piloted
Entry Topical Term
001 - CONTROL NUMBER
- control field: 111429
003 - CONTROL NUMBER IDENTIFIER
- control field: NUST
005 - DATE AND TIME OF LATEST TRANSACTION
- control field: 20230327105038.0
008 - FIXED-LENGTH DATA ELEMENTS
- fixed length control field: 230327|| aca||aabn | a|a d
040 ## - CATALOGING SOURCE
- Original cataloging agency: NUST
- Transcribing agency: NUST
150 ## - HEADING--TOPICAL TERM
- Topical term or geographic name entry element: Vehicles, Remotely piloted
- Form subdivision: Periodicals
670 ## - SOURCE DATA FOUND
- Source citation: Work cat.: (NUST)0: Unmanned vehicles.
